WOOD IN AUSTRALIA TYPES PROPERTIES AND USES / (Record no. 587982)
[ view plain ]
| 000 -LEADER | |
|---|---|
| fixed length control field | 00366nam a22001457a 4500 |
| 020 ## - INTERNATIONAL STANDARD BOOK NUMBER | |
| Qualifying information | PB. |
| 040 ## - CATALOGING SOURCE | |
| Transcribing agency | FIZZA ISHAQ |
| 082 ## - DEWEY DECIMAL CLASSIFICATION NUMBER | |
| Classification number | 674.10944 |
| Author Mark | KAI |
| 100 ## - MAIN ENTRY--PERSONAL NAME | |
| Personal name | BOOTLE,R KAITH. |
| 9 (RLIN) | 89162 |
| 245 ## - TITLE STATEMENT | |
| Title | WOOD IN AUSTRALIA TYPES PROPERTIES AND USES / |
| Statement of responsibility, etc. | KEITH R.BOOTLE. |
| 250 ## - EDITION STATEMENT | |
| Edition statement | 2nd ED. |
| 260 ## - PUBLICATION, DISTRIBUTION, ETC. | |
| Place of publication, distribution, etc. | MC GRAW HILL ; |
| Date of publication, distribution, etc. | 2005. |
| 300 ## - PHYSICAL DESCRIPTION | |
| Extent | 452 P. ; |
| 942 ## - ADDED ENTRY ELEMENTS (KOHA) | |
| Source of classification or shelving scheme | |
| Koha item type | Book |
| Withdrawn status | Lost status | Source of classification or shelving scheme | Damaged status | Not for loan | Permanent Location | Current Location | Date acquired | Full call number | Barcode | Date last seen | Price effective from | Koha item type |
|---|---|---|---|---|---|---|---|---|---|---|---|---|
| NUST Baluchistan Campus (NBC) | NUST Baluchistan Campus (NBC) | 02/18/2022 | 674.10994 KEI | Q-2431 | 02/18/2022 | 02/18/2022 | Book |
